[Event "FAI-chT 2021"]
[Site "Faroe Islands"]
[Date "2020.10.04"]
[Round "1.1"]
[White "Nielsen, Hogni Egilstoft"]
[Black "Petersen, Kari"]
[Result "1-0"]
[WhiteElo "2396"]
[BlackElo "1861"]
[PlyCount "43"]
[EventDate "2020.10.04"]
[EventType "team-tourn"]
[EventRounds "10"]
[EventCountry "FAI"]
[SourceTitle "EXT 2022"]
[Source "ChessBase"]
[SourceDate "2021.10.06"]
[SourceVersion "1"]
[SourceVersionDate "2021.10.06"]
[SourceQuality "1"]
[WhiteTeam "Sandavagur"]
[BlackTeam "Kollafjordur"]
[WhiteTeamCountry "FAI"]
[BlackTeamCountry "FAI"]

1. Nf3 d5 2. g3 c5 3. Bg2 Nc6 4. d3 e5 5. 0-0 Nf6 6. Nbd2 Be7 7. e4 d4 8. Nc4 Qc7 9. a4 b6 10. Qe2 0-0 11. Nh4 g6 12. f4 Nh5 13. Nf5 f6 14. Nh6+ Kg7 15. f5 Bd7 16. fxg6 hxg6 17. Bf3 Be8 18. Bxh5 gxh5 19. Nf5+ Kf7 20. Qxh5+ Ke6 21. Ng7+ Kd7 22. Qf5+ 1-0

[Event "FAI-chT 1718"]
[Site "Faroe Islands"]
[Date "2018.01.20"]
[Round "5.3"]
[White "Dragaberg, Runi"]
[Black "Petersen, Kari"]
[Result "1/2-1/2"]
[WhiteElo "1824"]
[BlackElo "1902"]
[PlyCount "32"]
[EventDate "2017.10.22"]
[EventType "team-tourn"]
[EventRounds "10"]
[EventCountry "FAI"]
[SourceTitle "EXT 2019"]
[Source "ChessBase"]
[SourceDate "2018.10.10"]
[SourceVersion "1"]
[SourceVersionDate "2018.10.10"]
[SourceQuality "1"]
[WhiteTeam "Gota"]
[BlackTeam "Kollafjordur"]
[WhiteTeamCountry "FAI"]
[BlackTeamCountry "FAI"]

1. e4 e6 2. d4 d5 3. exd5 exd5 4. Nf3 Nf6 5. Be2 Be7 6. 0-0 0-0 7. Re1 Bf5 8. Bf4 b6 9. Nbd2 c5 10. c3 Bd6 11. Bxd6 Qxd6 12. Nf1 Nc6 13. Ng3 Bg6 14. Bd3 Rfe8 15. dxc5 bxc5 16. Qd2 Ne5 1/2-1/2

[Event "FAI-chT 1718"]
[Site "Faroe Islands"]
[Date "2018.01.20"]
[Round "4.1"]
[White "Petersen, Kari"]
[Black "Nielsen, Rogvi Egilstoft"]
[Result "0-1"]
[WhiteElo "1902"]
[BlackElo "2338"]
[PlyCount "68"]
[EventDate "2017.10.22"]
[EventType "team-tourn"]
[EventRounds "10"]
[EventCountry "FAI"]
[SourceTitle "EXT 2019"]
[Source "ChessBase"]
[SourceDate "2018.10.10"]
[SourceVersion "1"]
[SourceVersionDate "2018.10.10"]
[SourceQuality "1"]
[WhiteTeam "Kollafjordur"]
[BlackTeam "Sandavagur"]
[WhiteTeamCountry "FAI"]
[BlackTeamCountry "FAI"]

1. d4 Nf6 2. c4 e6 3. Nf3 Bb4+ 4. Nbd2 b6 5. a3 Bxd2+ 6. Bxd2 Bb7 7. e3 d6 8. Bd3 0-0 9. Bc3 Ne4 10. Rc1 Nd7 11. 0-0 f5 12. Nd2 Nxd2 13. Qxd2 Qg5 14. f3 Rad8 15. Bb1 Rf6 16. d5 Rh6 17. f4 Qh5 18. h3 Nc5 19. Bc2 Rg6 20. Kh2 Qh4 21. Rf3 Qh5 22. Rff1 Qh4 23. Rf3 b5 24. b3 Re8 25. g3 Qh5 26. Rff1 bxc4 27. bxc4 Ba6 28. Qe1 Rh6 29. h4 exd5 30. Qd2 Bxc4 31. Rfe1 Qg4 32. Bd1 Qg6 33. Bf3 c6 34. Ba1 Nb3 0-1

[Event "FAI-chT 1617"]
[Site "Faroe Islands"]
[Date "2017.01.28"]
[Round "6.2"]
[White "Nielsen, Hogni Egilstoft"]
[Black "Petersen, Kari"]
[Result "1-0"]
[WhiteElo "2270"]
[BlackElo "1921"]
[PlyCount "97"]
[EventDate "2016.10.23"]
[EventType "team-tourn"]
[EventRounds "10"]
[EventCountry "FAI"]
[SourceTitle "EXT 2020"]
[Source "ChessBase"]
[SourceDate "2019.10.17"]
[SourceVersion "1"]
[SourceVersionDate "2019.10.17"]
[SourceQuality "1"]
[WhiteTeam "Sandavagur"]
[BlackTeam "Kollafjordur"]
[WhiteTeamCountry "FAI"]
[BlackTeamCountry "FAI"]

1. e4 c5 2. Nf3 Nc6 3. c3 Nf6 4. d3 e5 5. Be2 g6 6. Nbd2 Bg7 7. Qc2 0-0 8. Nc4 d5 9. Ne3 d4 10. Nf1 Nh5 11. g3 f5 12. Ng5 h6 13. Qb3+ Kh8 14. Nf7+ Rxf7 15. Qxf7 Qd6 16. Bd2 fxe4 17. dxe4 Bd7 18. f3 Rf8 19. Qd5 Qe7 20. Qb3 Be6 21. c4 d3 22. Qxd3 Nd4 23. Bc3 b5 24. cxb5 c4 25. Qd2 Rd8 26. Ne3 Nxf3+ 27. Bxf3 Rxd2 28. Bxd2 Nf6 29. 0-0 Nd7 30. Rad1 Bf8 31. Kg2 Qc5 32. a3 Qxb5 33. Bc3 Bg7 34. Rd6 Bg8 35. Nd5 Nc5 36. Ne7 Nb7 37. Rd2 Bf6 38. Nxg6+ Kg7 39. Nh4 Be6 40. Rdf2 Bxh4 41. gxh4 Nd8 42. Kh1 Nc6 43. Bh5 Nd4 44. Bxd4 exd4 45. Rg2+ Kh8 46. Rf8+ Kh7 47. Bg6+ Kg7 48. Be8+ Kxf8 49. Bxb5 1-0

[Event "FAI-chT2 1213"]
[Site "Faroe Islands"]
[Date "2013.03.03"]
[Round "9.3"]
[White "Jacobsen, Runi Tindskard"]
[Black "Petersen, Kari"]
[Result "1-0"]
[WhiteElo "1469"]
[BlackElo "1711"]
[PlyCount "63"]
[EventDate "2012.10.28"]
[EventType "team-tourn"]
[EventRounds "10"]
[EventCountry "FAI"]
[SourceTitle "EXT 2014"]
[Source "ChessBase"]
[SourceDate "2013.11.20"]
[SourceVersion "1"]
[SourceVersionDate "2013.11.20"]
[SourceQuality "1"]
[WhiteTeam "Havnin II"]
[BlackTeam "Rokur"]
[WhiteTeamCountry "FAI"]
[BlackTeamCountry "FAI"]

1. e4 c5 2. Nf3 Nc6 3. Bc4 e6 4. Nc3 a6 5. a4 Nf6 6. 0-0 d5 7. exd5 exd5 8. Ba2 d4 9. Ne4 Nxe4 10. Re1 Be7 11. Rxe4 0-0 12. d3 Bf5 13. Re1 Bg4 14. Kh1 Qd6 15. Qe2 Bf6 16. Qe4 Qd7 17. Qf4 b5 18. Ng5 Bxg5 19. Qxg5 Rae8 20. Bd2 Be6 21. Qxc5 Bxa2 22. Rxa2 Rxe1+ 23. Bxe1 Qe6 24. Ra1 Re8 25. Bd2 Ne5 26. Re1 Qg4 27. f3 Qe6 28. Qxd4 f6 29. f4 Qg4 30. Qd5+ Kh8 31. h3 Qg3 32. fxe5 1-0